| 000 | 00617nam a22001697a 4500 | ||
|---|---|---|---|
| 999 |
_c371995 _d371995 |
||
| 008 | 201127b ||||| |||| 00| 0 eng d | ||
| 040 |
_aDE-2950 _bger _cDE-2950 _erda |
||
| 041 | _ager | ||
| 245 | _aTodesanzeige Dr. Heinrich Brückner | ||
| 264 | _c2022 | ||
| 653 | _aBrückner, Heinrich; Arzt, Kinderarzt, Sachbuchautor, Dr. med. habil., 20.10.1928 - 09.11.2022 | ||
| 773 |
_dFrankfurt (Oder) Märkisches Verlags- und Druckhaus GmbH & Co KG _tMärkische Oderzeitung _g33. Jahrgang (2022) Nr. 276 vom 26./27.11.2022, S. 20. |
||
| 942 | _cA | ||